000 00558nam a2200193Ia 4500
005 20260114185721.0
008 008 260114s9999 xx 000 0 eng d
020 _a9781472599568
037 _aEBOOK
040 _aCRL
_beng
_cCRL
041 _aeng
_2eng
084 _qCRL
100 _aB. A. Holderness
_9873532
245 0 _aLand, Labour and Agriculture, 1700-1920
260 _bBloomsbury
_c1991
856 _uhttps://doi.org/10.5040/9781472599568?locatt=label:secondary_bloomsburyCollections
942 _cEBOOK
999 _c1472480
_d1472480